LEADER 00962cam0-22003131i-450- 001 990006853820403321 005 20161024114515.0 035 $a000685382 035 $aFED01000685382 035 $a(Aleph)000685382FED01 035 $a000685382 100 $a20010426d1996----km-y0itay50------ba 101 0 $aita 102 $aIT 105 $ay-------001yy 200 1 $aStrutture familiari e reti di relazione degli anziani$fMonica Vichi 210 $aRoma$cUniversità degli Studi di Roma La Sapienza. Dipartimento di Scienze demografiche$d1996 215 $a68 p.$d24 cm 225 1 $aTesi e materiali didattici$iNuova serie$v4 610 0 $aDemografia 676 $a306.87$v21$zita 700 1$aVichi,$bMonica$0253272 801 0$aIT$bUNINA$gRICA$2UNIMARC 901 $aBK 912 $a990006853820403321 952 $aXXIII-E-43$b4168$fMAS 959 $aMAS 996 $aStrutture familiari e reti di relazione degli anziani$9627009 997 $aUNINA LEADER 01231nam2-2200397---450- 001 990001522340203316 005 20090506102527.0 035 $a000152234 035 $aUSA01000152234 035 $a(ALEPH)000152234USA01 035 $a000152234 100 $a20040322d1951----km-y0itay50------ba 101 0 $afre 102 $aFR 105 $aa|||z|||001yy 200 1 $a<> Grand Nord$fPaul Del Perugia 210 $aParis$cPresses universitaires de France$d1951 215 $a126 p.$cill., c. geogr.$d18 cm 225 2 $aQue sais-je?$v512 410 0$1001000311637$12001$aQue sais-je?$v, 512 606 0 $aArtide$2BNCF 676 $a919.8 700 1$aDEL PERUGIA,$bPaul$0129546 801 0$aIT$bsalbc$gISBD 912 $a990001522340203316 951 $aVI.4. Coll. 22/ 132(I B Coll. 27/36)$b7677 L.M.$cVI.4. Coll.$d00166479 959 $aBK 969 $aUMA 979 $aSIAV8$b10$c20040322$lUSA01$h1432 979 $aPATRY$b90$c20040406$lUSA01$h1746 979 $aCOPAT1$b90$c20050309$lUSA01$h1206 979 $aANNAMARIA$b90$c20080701$lUSA01$h1412 979 $aANNAMARIA$b90$c20080701$lUSA01$h1412 979 $aANNAMARIA$b90$c20090506$lUSA01$h1025 996 $aGrand Nord$9304416 997 $aUNISA